000
00302nam a22001457a 4500
008
221110b ||||| |||| 00| 0 eng d
020
_a
0847801683
041
_a
eng
080
_a
7
082
_a
7 GAB
100
_a
21.1
101
_a
ART
245
_a
PROGRESS IN ART
_c
GABLIK S
942
_2
udc
_c
BK
999
_c
58849
_d
58849